OBRAS COMPLETAS DE JESUS URUETA. VOL. I

Gorde:
Xehetasun bibliografikoak
Egile nagusia: Urueta Jesus (autor)
Formatua: Liburua
Etiketak: Etiketa erantsi
Etiketarik gabe, Izan zaitez lehena erregistro honi etiketa jartzen!

MARC

LEADER 00000nam^a2200000^a^4500
001 000214011
005 20250521000000.0
009 20260310103544.364
035 |a 036829 
037 |a Acervo Xavier Clavigero 
082 |a 816. 75  |b URU 
100 |a Urueta Jesus  |e (autor) 
245 1 0 |a OBRAS COMPLETAS DE JESUS URUETA. VOL. I 
264 |a MEXICO :  |b AGUILAS,  |c 1930 
300 |a 459p. 
336 |a texto  |b txt  |2 rdacontenido 
337 |a sin mediación  |b n  |2 rdamedio 
338 |a volumen  |b nc  |2 rdasoporte 
649 |a XX 
910 |a Fondo General 
920 |a Impresos - Libros 
930 |a Colección General 
940 |a Literatura 
905 |a 101 
901 |a 036829  |b IT1  |c LIT  |i 036829  |u 20250521 
902 |a https://opac.biblio.iteso.mx/vufind/Record/000214011